Projekt Neva
Rozhovor autora článku s personálnym poradcom Českej rafinérskej a.s. o aplikácii projektu Neva v podniku. Charakteristika projektu Neva -Neváhaj nad váhou. Starostlivosť organizácie o zdravie zamestnancov. Projekt zameraný na rizikové faktory - fajčenie, nezdravé stravovanie, obezitu a stres. Tri e...
Uložené v:
| Hlavný autor: | |
|---|---|
| Ďalší autori: | |
| Médium: | Kapitola |
| Jazyk: | Czech |
| Predmet: | |
| Tagy: |
Žiadne tagy, Buďte prvý, kto otaguje tento záznam!
|
MARC
| LEADER | 00000naa$a2200000$$$4500 | ||
|---|---|---|---|
| 001 | 0054909 | ||
| 005 | 20231128135050.3 | ||
| 041 | 0 | |a cze | |
| 044 | |a CZ | ||
| 245 | 1 | 0 | |a Projekt Neva |c Pavel Náhlovský, Ivo Hamáček |
| 520 | |a Rozhovor autora článku s personálnym poradcom Českej rafinérskej a.s. o aplikácii projektu Neva v podniku. Charakteristika projektu Neva -Neváhaj nad váhou. Starostlivosť organizácie o zdravie zamestnancov. Projekt zameraný na rizikové faktory - fajčenie, nezdravé stravovanie, obezitu a stres. Tri etapy projektu Neva. | ||
| 610 | 2 | 0 | |a riadenie ľudských zdrojov |
| 610 | 2 | 0 | |a personalistika |
| 610 | 2 | 0 | |a zamestnanci |
| 610 | 2 | 0 | |a zdroje ľudské |
| 610 | 2 | 0 | |a práca |
| 610 | 2 | 0 | |a zdravie |
| 610 | 2 | 0 | |a ochrana zdravia |
| 610 | 2 | 0 | |a šport |
| 100 | 1 | |a Náhlovský, Pavel | |
| 700 | 1 | |a Hamáček, Ivo | |